000 00506nam a22001937a 4500
003 MPLRDC
005 20220104191409.0
008 210129b ||||| |||| 00| 0 eng d
020 _a978-986-301-076-0
082 _a563.5 LCS
100 _a李成思
245 _a股神巴菲特的投资策略
_c夏易恩 绘
250 _a初版
260 _a台湾
_b大众国际书局股份有限公司
_c2012
300 _b
490 _a图届: 259
650 _a投资与证劵
942 _cBK
_o563.5 LCS
999 _c64230
_d64220